| 000 | 00521cam a2200205ua 4500 | ||
|---|---|---|---|
| 001 | 18838 | ||
| 008 | 160708n2012 II |||gr||||Z||||||eng | ||
| 040 | _aMAIN | ||
| 041 | _aEnglish | ||
| 082 | _a531.12 GUP | ||
| 100 | _aGUPTA, S.C. | ||
| 245 | _aFUNDAMENTALS OF STATISTICS | ||
| 250 | _a7TH REV. | ||
| 260 |
_aMUMBAI _bHIMALAYA PUBLISHING HOUSE _c2012 |
||
| 300 |
_a(1--p): _c18CM. |
||
| 500 | _aTRANSFERRED TO COLLEGE HOSTEL | ||
| 700 |
_aGUPTA, S.C., _eAuthor. |
||
| 700 | _aGUPTA, INDIRA (Ed./-). | ||
| 942 | _cBK | ||
| 999 |
_c18711 _d18711 |
||